Focus (Record no. 82162)

MARC details
000 -LEADER
fixed length control field 00916cam a22002055a 4500
001 - CONTROL NUMBER
control field L149371
008 - FIXED-LENGTH DATA ELEMENTS--GENERAL INFORMATION
fixed length control field 100225s2010 xxk 000 0 eng d
035 ## - SYSTEM CONTROL NUMBER
System control number (Sirsi) u149371
041 0# - LANGUAGE CODE
Language code of text/sound track or separate title eng
100 1# - MAIN ENTRY--PERSONAL NAME
Personal name Jack, Simon
245 00 - TITLE STATEMENT
Title Focus
Remainder of title Sussex
260 #0 - PUBLICATION, DISTRIBUTION, ETC.
Date of publication, distribution, etc. 2010
490 ## - SERIES STATEMENT
Series statement Estates Gazette
Volume/sequential designation 1007 20 February 2010, 83-91(8)
520 ## - SUMMARY, ETC.
Summary, etc. Discusses progress of development schemes across Sussex in light of economic recovery including Brighton Marina Outer and Inner Harbours, West Pier i360, Graylingwell Hospital Chichester, and Enviro21 Innovation Parks Hastings; Pinnacle in Crawley remains unlet since completion at the end of 2008; comparing office market in Eastbourne and Brighton with office, industrial and retail rents statistics.
590 ## - LOCAL NOTE (RLIN)
Local note KA
651 #4 - SUBJECT ADDED ENTRY--GEOGRAPHIC NAME
Geographic name Sussex
Chronological subdivision 1888-
690 ## - LOCAL SUBJECT ADDED ENTRY--TOPICAL TERM (OCLC, RLIN)
Topical term or geographic name as entry element PROPERTY-COMMERCIAL PROPERTY-COMMERCIAL PROPERTY MARKET
700 1# - ADDED ENTRY--PERSONAL NAME
Personal name Smith, Melanie
942 ## - ADDED ENTRY ELEMENTS (KOHA)
Suppress in OPAC 0
Holdings
Withdrawn status Lost status Source of classification or shelving scheme Damaged status Not for loan Home library Current library Shelving location Date acquired Total Checkouts Full call number Barcode Date last seen Copy number Price effective from Koha item type
    Dewey Decimal Classification     London London Journal article 26/03/2010   L149371 149371-1001 06/08/2019 1 06/08/2019 Journal article